000 nam a22 a 4500
999 _c812
_d812
003 AKMAL
005 20170505131229.0
008 170505s1984 my 00 may d
020 _a9679330567
039 9 _a200612011307
_bfaizah
_c200605220936
_dmarzihan
040 _aAKMAL
082 0 4 _a297.1 KAS
_221
090 0 0 _a297.1
_bKAS
100 0 _aKassim Ahmad,
_d1933-
_91766
245 1 0 _aTeori sosial moden Islam /
_cKassim Ahmad
260 _aPetaling Jaya :
_bFajar Bakti ,
_c1984
300 0 0 _a210ms. ;
_c22cm.
504 _aBibliografi: ms.(204)-207
650 0 _aSocialism and Islam
_91767
942 _2ddc
_cBOOK